Waves.

Bibliographic Details
Main Author: Laver, F. J. M.
Format: Book
Language:English
Published: [London] : Oxford University Press, 1959.
Subjects:

MARC

Tag First Indicator Second Indicator Subfields
LEADER 00000cam a2200000 4500
001 in00000039839
005 20151007064607.0
008 750716s1959 enk 00000 eng u
010 |a  60002009  
035 |a (OCoLC)01453802 
035 |9 AAE0180AM 
040 |c JPL  |d TXA  |d UtOrBLW 
049 |a TXAM  |c [322980] 
050 0 0 |a QC157  |b .L3 
082 0 |a 532.59 
092 |a 532.59  |b L399w, 1959 
100 1 |a Laver, F. J. M. 
245 1 0 |a Waves. 
264 1 |a [London] :  |b Oxford University Press,  |c 1959. 
300 |a 77 pages :  |b illustrations ;  |c 23 cm. 
336 |a text  |b txt  |2 rdacontent 
337 |a unmediated  |b n  |2 rdamedia 
338 |a volume  |b nc  |2 rdacarrier 
650 0 |a Waves. 
999 |a MARS 
999 f f |s e69911ac-f954-39a0-8e9c-e0cd8bae1ab6  |i ceeb8701-5e36-3b97-b836-ca7cbf4ff700  |t 0 
952 f f |p ric  |a Texas A&M University  |b Rellis Campus  |c Joint Library Facility  |d Remote Storage  |t 0  |e QC157 .L3  |h Library of Congress classification  |i unmediated -- volume  |m A14800915105 
998 f f |a QC157 .L3  |t 0  |l Remote Storage